000 00604nam a2200181 i 4500
001 100397
003 ES-MaACL
007 t|
008 050928s1942 sp ||||1| spa d
100 1 _aMascaró Porcar, José María.
_978688
245 1 0 _aBreviario de la urgencia obstétrica
_b: criterio clínico /
_cindicaciones por el Dr. José María Mascaró y Porcar.
260 _aBarcelona :
_bSalvat,
_c1942.
300 _a150 p. ;
_c23 cm.
490 1 _aManuales de medicina práctica
830 0 _aManuales de medicina práctica
_9181070
852 _aES-MaACL
_jE-861
_bR.20975
999 _c100397
_d100397